| 000 | 02035nam a2200373Ia 4500 | ||
|---|---|---|---|
| 001 | vtls003209863 | ||
| 003 | MY-SjTCS | ||
| 005 | 20200306170244.0 | ||
| 006 | m u | ||
| 007 | cr cn||||||||| | ||
| 008 | 100906s2007 si a sb 100 0 eng d | ||
| 020 | _z9789812700100 | ||
| 020 | _z9812700102 | ||
| 035 | _a(CaPaEBR)ebr10188804 | ||
| 039 | 9 |
_y201009061636 _zVLOAD |
|
| 040 |
_aCaPaEBR _cCaPaEBR |
||
| 050 | 1 | 4 |
_aQC484.8 _b.I64 2006eb |
| 111 | 2 |
_aInternational Workshop on Energy Budget in the High Energy Universe _d(2006 : _cInstitute for Cosmic Ray Research) _9282023 |
|
| 245 | 1 | 0 |
_aEnergy budget in the high energy universe _h[electronic resource] : _bproceedings of the International Workshop, Kashiwa, Japan, 22-24 February 2006 / _ceditors, Katsuhiko Sato, Junji Hisano. |
| 260 |
_aSingapore ; _aHackensack, NJ : _bWorld Scientific, _cc2007. |
||
| 300 |
_axii, 398 p. : _bill. |
||
| 500 | _a"The International Workshop on Energy Budget in the High Energy Universe was held February 22-24 at Institute of Cosmic Ray Research, Kashiwa campus of the University of Tokyo. This workshop in fourth in the series of international workshops of the 21th century COE program 'Quantum Extreme Systems and their Symmetries' of the University of Tokyo."--Preface. | ||
| 504 | _aIncludes bibliographical references. | ||
| 529 | _aTSLHHL | ||
| 533 |
_aElectronic reproduction. _bPalo Alto, Calif. : _cebrary, _d2009. _nAvailable via World Wide Web. _nAccess may be limited to ebrary affiliated libraries. |
||
| 650 | 0 |
_aCosmic rays _vCongresses. _9282024 |
|
| 650 | 0 |
_aGamma ray astronomy _vCongresses. _9282025 |
|
| 655 | 7 |
_aElectronic books. _2local _9201578 |
|
| 700 | 1 |
_aSato, K. _9282026 |
|
| 700 | 1 |
_aHisano, Junji. _9282027 |
|
| 710 | 2 |
_aTokyo Daigaku. _bInstitute for Cosmic Ray Research. _9282028 |
|
| 710 | 2 |
_aebrary, Inc. _925628 |
|
| 856 | 4 | 0 |
_uhttps://ezproxy.taylors.edu.my/login?url=http://site.ebrary.com/lib/taylorscollege/Doc?id=10188804 _zAn electronic book accessible through the World Wide Web; click to view |
| 999 | _c61088 | ||